Aggressors, victims, and bystanders : (Registro nro. 4993)
[ vista simple ]
| 000 -LEADER | |
|---|---|
| fixed length control field | 01171nam a2200289Ia 4500 |
| 003 - CONTROL NUMBER IDENTIFIER | |
| control field | OSt |
| 005 - DATE AND TIME OF LATEST TRANSACTION | |
| control field | 20200901123834.0 |
| 008 - FIXED-LENGTH DATA ELEMENTS--GENERAL INFORMATION | |
| fixed length control field | 191128s1994 que gr 000 0 spa d |
| 040 ## - CATALOGING SOURCE | |
| Original cataloging agency | CO-JMCR |
| Transcribing agency | CO-JMCR |
| 041 1# - LANGUAGE CODE | |
| Language code of text/sound track or separate title | spa |
| Language code of original | eng |
| 082 04 - DEWEY DECIMAL CLASSIFICATION NUMBER | |
| Classification number | 371.782 / |
| Item number | S631a |
| Edition number | 23 |
| 100 1# - MAIN ENTRY--PERSONAL NAME | |
| Personal name | Slaby, Ronald G., |
| Relator term | autor |
| 9 (RLIN) | 9567 |
| 245 10 - TITLE STATEMENT | |
| Title | Aggressors, victims, and bystanders : |
| Remainder of title | thinking and acting to prevent violence / |
| Statement of responsibility, etc. | Ronald G. Slaby, Renée Wilson-Brewer, Kimberly Dash |
| 260 ## - PUBLICATION, DISTRIBUTION, ETC. | |
| Place of publication, distribution, etc. | Massachusetts : |
| Name of publisher, distributor, etc. | Education Development Center, |
| Date of publication, distribution, etc. | 1994. |
| 300 ## - PHYSICAL DESCRIPTION | |
| Extent | iv, 185 páginas ; |
| Dimensions | 28 cm. |
| 300 ## - PHYSICAL DESCRIPTION | |
| Dimensions | 28 cm |
| 490 0# - SERIES STATEMENT | |
| Series statement | Teenage health teaching modules |
| 505 0# - FORMATTED CONTENTS NOTE | |
| Formatted contents note | Looking at conflict in our lives -- When conflicts become fights -- Examininig belief about conflict and violence -- the fight i your head -- Keeping cool -- Sizing up the situation again -- Thinking it through |
| 650 14 - SUBJECT ADDED ENTRY--TOPICAL TERM | |
| Topical term or geographic name entry element | Víctimas |
| 9 (RLIN) | 9568 |
| 650 24 - SUBJECT ADDED ENTRY--TOPICAL TERM | |
| Topical term or geographic name entry element | Violencia |
| 9 (RLIN) | 9569 |
| 650 24 - SUBJECT ADDED ENTRY--TOPICAL TERM | |
| Topical term or geographic name entry element | Victimarios |
| 9 (RLIN) | 9570 |
| 650 24 - SUBJECT ADDED ENTRY--TOPICAL TERM | |
| Topical term or geographic name entry element | Espectadores |
| 9 (RLIN) | 9571 |
| 650 24 - SUBJECT ADDED ENTRY--TOPICAL TERM | |
| Topical term or geographic name entry element | Prevención de la violencia |
| 9 (RLIN) | 9572 |
| 700 1# - ADDED ENTRY--PERSONAL NAME | |
| Personal name | Wilson-Brewer, Renée, |
| Relator term | autor |
| 9 (RLIN) | 9573 |
| 700 1# - ADDED ENTRY--PERSONAL NAME | |
| Personal name | Dash, Kimberly, |
| Relator term | autor |
| 9 (RLIN) | 9574 |
| 942 ## - ADDED ENTRY ELEMENTS (KOHA) | |
| Source of classification or shelving scheme | Dewey Decimal Classification |
| Koha item type | Books |
| Withdrawn status | Lost status | Source of classification or shelving scheme | Materials specified (bound volume or other part) | Damaged status | Not for loan | Home library | Current library | Shelving location | Date acquired | Source of acquisition | Full call number | Barcode | Date last seen | Copy number | Price effective from | Koha item type |
|---|---|---|---|---|---|---|---|---|---|---|---|---|---|---|---|---|
| Dewey Decimal Classification | Donación--15/04/2018-- | Biblioteca Pública José María del Castillo y Rada | Biblioteca Pública José María del Castillo y Rada | General Stacks | 11/28/2019 | Donación | 371.782 / S631a | 430001117 | 05/16/2024 | Ej.1 | 11/28/2019 | Books |